| 000 | 00784nam a2200205 a 4500 | ||
|---|---|---|---|
| 008 | 120210s2007 ||||||||||||||||| || u | ||
| 020 | _a9780495832379 | ||
| 050 | _aQA 39.2 Lar | ||
| 100 | _aFalvo, David C | ||
| 245 | 1 | 0 |
_aPrecalculus: a concise course _cRon Larson, Robert Hostetler with the assistance of David C. Falvo |
| 260 |
_aBelmont, CA _bBrooks/Cole _c2007 |
||
| 300 | _axvii, 526p. [various pagings]: ill | ||
| 350 | _a0.00 | ||
| 650 | 0 | _aALGEBRAS, LINEAR | |
| 650 | 0 | _aTRIGONOMETRY | |
| 650 | 0 | _aMATHEMATICS--HANDBOOKS, MANUALS, ETC | |
| 700 | _aLarson, Ron | ||
| 700 | _aHostetler, Robert | ||
| 995 |
_D0.00 _FCBU-MAIN LIBRARY (Kitwe) _H1 _I0.00 _M1 _UAVAILABLE _WApr 12, 2012 _ZMain Library Open Access Collection |
||
| 999 |
_c54344 _d54344 |
||